Ensayos temáticos sobre el TLC: República Dominicana, Centroamérica y Estados Unidos /

En este texto, se presenta una selección de capítulos del Tratado de Libre Comercio entre República Dominicana, Centroamérica y Estados Unidos (TLC), se inicia con una introducción con un capítulo de antecedentes que permite comprender mejor las áreas temáticas que componen este complejo tratado, si...

詳細記述

保存先:
書誌詳細
第一著者: Govaere Vicarioli, Velia
その他の著者: ed. Ocampo Sánchez, Fernando ed
フォーマット: テキスト
出版事項: San José: EUNED
主題:
タグ: タグ追加
タグなし, このレコードへの初めてのタグを付けませんか!

MARC

LEADER 00000 a a2200000 04500
001 34803
003
040
020 |a 9968-319968-31-450-1  
090 |a 0001 G721e  
100 |a Govaere Vicarioli, Velia  
245 |a Ensayos temáticos sobre el TLC: República Dominicana, Centroamérica y Estados Unidos /  |c Velia Govaere Vicarioli 
260 |a San José:   |b EUNED  
300 |a 365 p.  
520 |a En este texto, se presenta una selección de capítulos del Tratado de Libre Comercio entre República Dominicana, Centroamérica y Estados Unidos (TLC), se inicia con una introducción con un capítulo de antecedentes que permite comprender mejor las áreas temáticas que componen este complejo tratado, siendo su tratamiento de carácter integral, revisando, tanto los elementos esenciales del comercio de bienes, de servicios y temas tan complejos como contratación pública o inversiones  
650 |a TLC  
650 |a ECONOMIA  
650 |a COMERCIO  
650 |a AGRICULTURA  
650 |a ADUANA  
650 |a MEDIO AMBIENTE  
650 |a DERECHO DEL TRABAJO  
650 |a ESTADOS UNIDOS  
650 |a REPUBLICA DOMINICANA  
650 |a COSTA RICA  
700 |a ed.   |a Ocampo Sánchez, Fernando   |a ed.  
999 |c 1342  |d 1342